| 000 | 01570cam a22003977a 4500 | ||
|---|---|---|---|
| 003 | CHAP | ||
| 005 | 20220329142431.0 | ||
| 008 | 010129d1998 enk r 00110 eng d | ||
| 010 | _a83387 | ||
| 011 | _a84359 | ||
| 020 | _a1 84014 084 4 | ||
| 035 | _a94879 | ||
| 040 | _cCHAP | ||
| 082 | 0 | 4 |
_a630.063 _bW6 |
| 100 | 0 | 0 |
_aWossink, Grada Antonia Arendina _eed. _9122772 |
| 245 | 1 | 0 |
_aEconomics of agro-chemicals : _ban international overview of use patterns, technical and institutional determinants, polices and perpectives _c/ed. by G.A.A. Wossink, G.C. van Kooten and G.H. Peters |
| 260 |
_aLondon, Eng. : _bAshgate, _c1998. |
||
| 300 | _a386 p. | ||
| 590 |
_aBATCH-UPD _b10 _c20130110 _lUCH01 _h0606 |
||
| 590 |
_aBATCH-UPD _b10 _c20130110 _lUCH01 _h2357 |
||
| 590 |
_aBATCH-UPD _b10 _c20130410 _lUCH01 _h0248 |
||
| 590 |
_aBATCH-UPD _b10 _c20130914 _lUCH01 _h1358 |
||
| 590 |
_aCONVERSION _b10 _c20130109 _lUCH01 _h1346 |
||
| 650 | 1 | 4 |
_aFertilizantes. _940447 |
| 650 | 1 | 4 |
_aFungicidas. _944044 |
| 650 | 1 | 4 |
_aPesticidas. _987536 |
| 650 | 1 | 4 |
_aProductos químicos _xAspectos económicos. _992218 |
| 650 | 1 | 4 |
_aProductos químicos _xCongresos. _992219 |
| 700 | 0 |
_aKooten, Gerrit Cornelius van _eed. _963719 |
|
| 700 | 0 |
_aPeters, George Henry. _987592 |
|
| 711 | 0 |
_aSymposium of the International Association of Agricultural Economits Held at Wageningen, _c(24-8 Abpril 1996 Netherlands), _d1996. _9110965 |
|
| 901 | _aBK | ||
| 905 | _aMayto Villalobos S. | ||
| 942 | _cLIBRO | ||
| 949 |
_a630.063 W6 _bBC _cLIBRO _d33724000816575 _eLIBRO _gI.205570 _h99537 _i94879 _sb _t$1.566.00 |
||
| 999 |
_c83387 _d83387 |
||